00000000nam 2200000za 4500
0019.841613
003CaOODSP
00520221107152129
007cr |||||||||||
008170814s2017    onc    #oz   f000 0 fre d
020 |a978-0-660-09337-6
040 |aCaOODSP|bfre
041 |afre|aeng
043 |an-cn---
0861 |aFR4-2017/20-PDF
24500|aFisheries - Amendment to the Convention on Future Multilateral Cooperation in the Northwest Atlantic Fisheries |h[ressource électronique] = |bPêches - Amendement à la Convention sur la future coopération multilatérale dans les pêches de l'Atlantique du Nord-Ouest
24611|aPêches - Amendement à la Convention sur la future coopération multilatérale dans les pêches de l'Atlantique du Nord-Ouest
260 |a[Ottawa] : |bTreaty Law Division of the Department of Foreign Affairs, Trade and Development = Direction du droit des traités du ministère des Affaires étrangères, du commerce et du développement, |cc2017.
300 |a37, 37 p.
4901 |aTreaty series = Recueil des traités ; |v2017/20
500 |a« Adoptés à Lisbonne le 28 septembre 2007, En vigueur pour le 18 mai 2017, En vigueur pour le Canada : le 18 mai 2017. »
500 |aNumérotation répétées sur les pages suppléants.
520 |aPrésente les articles que les parties à la Convention sur la future coopération multilatérale dans les pêches de l’Atlantique du Nord-Ouest ont convenu.
546 |aTexte en anglais et en français.
69207|2gccst|aAccord international
69207|2gccst|aGestion des pêches
69207|2gccst|aAccord multilatéral
7101 |aCanada. |bAffaires mondiales Canada. |bDirection du droit des traités.
791 |tFisheries - Amendment to the Convention on Future Multilateral Cooperation in the Northwest Atlantic Fisheries |eeng|w(CaOODSP)9.841610
830#0|aCanada treaty series ;|v2017/20.|w(CaOODSP)9.811738
85640|qPDF|s668 Ko|uhttps://publications.gc.ca/collections/collection_2017/amc-gac/FR4-2017-20.pdf